The housing market performance : A comparative study between Malaysia, England and South Korea

Bibliographic Details
Other Authors: Rahah Ismail, Tan Pek Voon, Zailan Mohd Isa
Format: Book
Language:English
Published: 2010
Subjects:

MARC

LEADER 00000cam a2200000 7i4500
001 0000026389
005 20150908.0
008 030915 my a eng
040 |a INS 
090 0 0 |a Research288 
245 1 4 |a The housing market performance : A comparative study between Malaysia, England and South Korea   |c Director Dr. Zailan Mohd Isa   |f Projet advisor Dr. Rahah Ismail   |f Team members Tan Pek Voon , Shanti Rani and Asmah Nasir. 
260 |c 2010 
300 |a v. ( Various paging ) ;   |c 30 cm. 
650 0 |a House buying   |z England 
650 0 |a House buying   |z Malaysia 
650 0 |a House buying   |z South Korea 
650 0 |a House selling   |z England 
650 0 |a House selling   |z Malaysia 
650 0 |a House selling   |z South Korea 
700 1 |a Rahah Ismail 
700 1 |a Tan Pek Voon 
700 1 |a Zailan Mohd Isa 
999 |a RES0000527   |b BOOK   |c Research By JPPH Staff   |e Default branch 
999 |a RES0000528   |b BOOK   |c Research By JPPH Staff   |e Default branch